One of Three: Countries Quiz Stats

 Plays Quiz not verified by Sporcle

Score 0/16 Timer 04:00
0 Plays Today
Clue Country % Correct
'F' CountriesFrance, Fiji, Finland
98.7%
Asian 'K' CountriesKazakhstan, Kyrgyzstan, Kuwait
95.4%
'J' CountriesJapan, Jordan, Jamaica
93%
'Saint' CountriesSaint Lucia, Saint Vincent and the Grenadines, Saint Kitts and Nevis
92%
Most Populated in 1800Russia, China, India
88.2%
Ranked ODI African Cricket TeamsKenya, Zimbabwe, South Africa
87.4%
1994 African World Cup NationsNigeria, Cameroon, Morocco
85.5%
Countries with an IQ over 104Japan, South Korea, Taiwan
78.6%
Clue Country % Correct
Vancouver 2010 mens Curling MedallistsSwitzerland, Canada, Norway
78.2%
Womens Basketball Top ThreeUSA, Russia, Australia
77.3%
Top 3 Swahili SpeakersKenya, Tanzania, Uganda
76%
1950s World Cup Host NationsBrazil, Switzerland, Sweden
68.9%
Fully Enclaved CountriesLesotho, Vatican City, San Marino
68.3%
1992 European Olympic Table Tennis MedallistsGermany, France, Sweden
65.2%
Rugby Union Tri Nations TeamsNew Zealand, South Africa, Australia
59.9%
Lowest HDIs in the EURomania, Bulgaria, Latvia
51.9%

You're not logged in!

Compare scores with friends on all Sporcle quizzes.
OR
Log In

Show Comments

Extras

Created Oct 25, 2010ReportNominate
Tags:Country Quiz, fit, three

Top Quizzes Today


Score Distribution

Your Account Isn't Verified!

In order to create a playlist on Sporcle, you need to verify the email address you used during registration. Go to your Sporcle Settings to finish the process.

Report this User

Report this user for behavior that violates our Community Guidelines.

Details: